01236nam a22002537a 45000010005000000030006000050050017000110080041000280200018000690400029000870500011001160820013001271000032001402450045001722600046002173000056002635050007003195200514003265210021008405210018008616500023008796500046009027000034009489474FISKH20260114084613.0260114b cb ||||| |||| 00| 0 eng d a9781910328026 aFISKHbengcFISKHdFISKH aPS3600 a891.5534 aTeymorian, Anahita eAuthor aA bird like himself /cAnahita Teymorian aLondon :bTiny Owl Publishing Ltd ,c2015 a28 unnumbered pages :bcolor illustrations ;c26 cm aN  aWhat happens when a bird is raised by cows, sheep, and elephants? Baby the bird is raised by animals of all species, who lovingly provide play, food, and care as he grows up. However, there's one thing they can't do--teach the little bird to fly. When Baby meets a bird like himself, he realizes that the ability to fly was always inside him. This heartwarming book combines whimsical illustrations with a heartwarming story about nontraditional families, accepting differences, and realizing one's abilities.8 a530 bLexile AD 8 aN bRaz-Plus  aPicture bookvBird aHeartwarming storyvAccepting differences aJavanmard, ElaheeIllustrator